• 首页
  • 本馆介绍
  • 公告通知
  • 最新文献
  • 馆藏检索
  • 电子资源
  • 读者导购
  • 参考咨询
  • 我的图书馆
  • 登录
  • 详细信息显示
  • 放入我的书架
  • 预约/预借图书
  • 作者相关作品
  • 分类相关作品
  • 丛书相关作品
  • 出版社相关作品

书目信息

  • 表格格式
  • 工作单格式
  • 卡片格式
题名:
新时期政治教师基本功
    
 
作者: 方培君 主编 ;许晓芳 册主编
分册:   备课篇
出版信息: 上海   上海教育出版社  2017
页数: 106页
开本: 24cm
丛书名:
单 册:
中图分类: G633.202
科图分类:
主题词: 政治课--教学研究--中学
电子资源:
ISBN: 978-7-5444-7534-1
000 01084nam0 2200253 450
001 417639
005 20180527223543.68
010    @a978-7-5444-7534-1@dCNY22.00
100    @a20171018d2017 em y0chiy50 ea
101 0  @achi
102    @aCN@b310000
105    @ay z 000yy
200 1  @a新时期政治教师基本功@9xin shi qi zheng zhi jiao shi ji ben gong@i备课篇@f方培君主编@g许晓芳册主编
210    @a上海@c上海教育出版社@d2017
215    @a106页@d24cm
300    @a求本筑基集
300    @a本专著受上海市教师专业发展工程领导小组办公室资助
330    @a本分册围绕政治教师备课的各要素进行了系统的剖析和深入的诠释:从备课角度来看,教师如何与课程标准对话,充分发挥自己的聪明才智,成为课程的再开发者?在解读文本时,教师怎样才能提高对教材的理解和驾驭能力,把教材的理论知识转化为学生的智慧,学生的能力?教师制定教学目标的依据是什么,如何进行规范表述中学政治课教学目标?
606 0  @a政治课@x教学研究@x中学
690    @aG633.202@v5
701  0 @a方培君@9fang pei jun@4主编
702  0 @a许晓芳@9xu xiao fang@4册主编
801  0 @aCN@b91MARC@c20171018
905    @aMuseLib@dG633.202@e135
    
    新时期政治教师基本功.备课篇/方培君主编/许晓芳册主编.-上海:上海教育出版社,2017
    106页;24cm
    求本筑基集.-本专著受上海市教师专业发展工程领导小组办公室资助
    
    ISBN 978-7-5444-7534-1:CNY22.00
    本分册围绕政治教师备课的各要素进行了系统的剖析和深入的诠释:从备课角度来看,教师如何与课程标准对话,充分发挥自己的聪明才智,成为课程的再开发者?在解读文本时,教师怎样才能提高对教材的理解和驾驭能力,把教材的理论知识转化为学生的智慧,学生的能力?教师制定教学目标的依据是什么,如何进行规范表述中学政治课教学目标?
●
相关链接 在E读中查询图书 在五车中查询图书 在当当中查询图书 在豆瓣中查询图书


正题名:新时期政治教师基本功     索取号:G633.202/135         预约/预借

序号 登录号 条形码 馆藏地/架位号 状态 备注
1 1112235   211122355   第一样本阅览室/ [索取号:G633.202/135] 在馆    
2 1112236   211122364   教育系资料室/ [索取号:G633.202/135] 在馆    
3 1112237   211122373   教育系资料室/ [索取号:G633.202/135] 在馆    
4 1112238   211122382   第四借阅区/ [索取号:G633.202/135] 在馆    
唐山师范学院图书馆 欢迎您!
大连网信软件有限公司© 版权所有